000 00343nam a2200145Ia 4500
008 230711s9999||||xx |||||||||||||| ||und||
041 _aENG
082 _a624
_bCH-B
100 _aChudley,R
245 0 _aBuilding super structure
250 _a1st
260 _c1982
_aNew York
_bLongman Group Publication
650 _aArchitecture
942 _cBK
999 _c387
_d387